Memoria de la Diputación Provincial de Salamanca sobre abolición de dos tércios decimales y establecimiento de una treintena, dirigida á las Córtes en 23 de Agosto de 1820
Descripción Física:
49 p. ; 20 cm
Materias:
Salamanca. Diputació -- Memòries
MARC
| LEADER | 00000nam a2200000Ia 4500 | ||
|---|---|---|---|
| 001 | 16686 | ||
| 008 | 160829s1820 xx 000 0 cat d | ||
| 080 | |a RF-15-7 | ||
| 110 | 1 | |a Salamanca (Castella i Lleó : Província). |b Diputación Provincial |9 55713 | |
| 245 | |a Memoria de la Diputación Provincial de Salamanca sobre abolición de dos tércios decimales y establecimiento de una treintena, dirigida á las Córtes en 23 de Agosto de 1820 | ||
| 260 | |a Salamanca : |b Impr. de Don Vicente Blanco, |c 1820 | ||
| 300 | |a 49 p. ; |c 20 cm | ||
| 590 | |a Prové de 4756, exp. 6 f | ||
| 650 | |a Salamanca. Diputació |x Memòries |9 48064 | ||
| 856 | 4 | |u https://media.diba.cat/diba/fitxers/arxiu/fulletons/bib_16686_1820_baixa.pdf |y Accés lliure | |
| 856 | 4 | |u https://media.diba.cat/diba/fitxers/arxiu/fulletons/bib_16686_1820_baixa.pdf |y Accés lliure | |
| 901 | |a Arxiu | ||
| 942 | |n 1 |2 udc | ||
| 952 | |0 0 |1 0 |4 0 |6 RF157 |7 1 |9 54298 |a Arxiu |b Arxiu |d 2016-12-01 |l 0 |o RF-15-7 |p 16686 |r 2016-12-01 00:00:00 |w 2016-12-01 |y ARXIU | ||
| 999 | |c 58167 |d 58167 | ||
| 900 | |a bib_16686_1820_baixa.pdf | ||